LEADER 00899nam a2200205 i 4500 001 000000175289 003 CaOOAMICUS 005 20081029000000.0 008 081029s1949 it u000 u fre u 013 $a152766 040 $aSeMil$bita 245 10$aPour C. Rabirius postumus ; Pour T. Annius Milon /$ctexte établi et traduit par André Boulanger. 300 $a138 p. 490 0 $aCollection des Universités de France 700 1 $aBoulanger, André <1886-1958>.$0(OLS)http://semarc/name/65387 773 0 $aCicero, Marcus Tullius <106-43 a.C.>$tDiscours.$dParis : Les Belles Lettres, 1938.$gTome17$w()20204 830 0$aCollection des Universités de France.$0(OLS)http://semarc/title/6036 850 $aSeMil 852 $aSeMil$W1$xVenegono$y1$m1X I 49$j126112$B126112$CSeMilBibl$Z2$F136819 $81 996 $6245$aPour C. Rabirius postumus ; Pour T. Annius Milon$9(OLS)http://semarc/title/251393 LEADER 01100nam a2200265 i 4500 001 000000236003 003 CaOOAMICUS 005 20141119000000.0 008 141119s2003 it u000 u ita u 013 $a214907 020 $a88-04-52356-5 040 $aSeMil$bita 100 1 $aMola, Aldo Alessandro,$d<1943- >.$0(OLS)http://semarc/name/71941 245 10$aGiolitti :$blo statista della nuova Italia /$cAldo A. Mola. 260 $a[Milano] :$bArnoldo Mondadori Editore,$c2003. 300 $a547 p., [16] p. di tav. :$bill. ;$c23 cm. 490 0 $aLe scie 600 14$aGiolitti, Giovanni <1842-1928>.$0(OLS)http://semarc/subject/13623 830 3$aLe scie.$0(OLS)http://semarc/title/6825 850 $aSeMil 852 $aSeMil$W1$xVenegono$y1$m3U V 472$j186349$B186349$CSeMilBibl$Z2$F198078 $81 961 $aLascito: Serenthŕ don Mario 996 $6020$a88-04-52356-5$9(OLS)http://semarc/number/240905 996 $6245$aGiolitti :$blo statista della nuova Italia$9(OLS)http://semarc/title/336309 996 $6260$a[Milano] :$bArnoldo Mondadori Editore$9(OLS)http://semarc/publisher/29634